[Event "ESTCC U50 2018"]
[Site "Walbrzych"]
[Date "2018.04.20"]
[Round "7"]
[White "De la Orden Alcocer, Alejandro"]
[Black "Van Herck, Marcel"]
[Result "1/2-1/2"]
[WhiteElo "2013"]
[BlackElo "2061"]
[Annotator "NA"]
[PlyCount "121"]
[EventDate "2018.??.??"]
[EventCountry "POL"]
[SourceTitle "playchess.com"]
[Source "ChessBase"]
[SourceQuality "1"]
[WhiteTeam "Spain"]
[BlackTeam "Belgium"]
[WhiteTeamCountry "ESP"]
[BlackTeamCountry "BEL"]
[TimeControl "40/5400+30:1800+30"]

1. c4 {[%emt 0:02:56]} Nf6 {[%emt 0:00:54]} 2. Nc3 {[%emt 0:00:21]} g6 {[%emt 0:03:22]} 3. Nf3 {[%emt 0:00:15]} Bg7 {[%emt 0:00:32]} 4. g3 {[%emt 0:00:25]} O-O {[%emt 0:05:48]} 5. Bg2 {[%emt 0:00:09]} c6 {[%emt 0:04:18]} 6. O-O {[%emt 0:01:41]} d5 {[%emt 0:00:48]} 7. cxd5 {[%emt 0:04:18]} cxd5 {[%emt 0:00:07]} 8. d4 {[%emt 0:00:10]} Ne4 {[%emt 0:00:50] LiveBook: 559 Games} 9. Be3 {[%emt 0:03:01] D79: Fianchetto Grünfeld: Symmetrical Variation (6 0-0 c6 7 cxd5 cxd5)} (9. Ne5 Nxc3 10. bxc3 Nc6 11. Nxc6 bxc6 12. Qa4 Qb6 13. Ba3 Qa6 14. Qxa6 Bxa6 15. Rfe1 Rfe8 16. e3 {½-½ (16) Petrosian,T (2601)-Svidler,P (2765) Riadh 2017}) 9... Nxc3 {[%emt 0:11:37]} 10. bxc3 {[%emt 0:00:10]} Nc6 {[%emt 0:01:45]} 11. Qc1 {[%emt 0:00:29]} Na5 {[%emt 0:04:00]} 12. Bh6 {[%emt 0:00:10]} Bg4 $146 {[%emt 0:02:09]} ({Predecessor:} 12... b6 13. h4 Bg4 14. Re1 Rc8 15. Ne5 Bf5 16. g4 Be6 17. Bxg7 Kxg7 {½-½ (36) Lau,S (2103)-Rust Lux,K (2071) Germany 2012}) 13. Bxg7 {[%emt 0:02:57]} Kxg7 {[%emt 0:00:06]} 14. Qf4 {[%emt 0:01:05]} Bxf3 {[%emt 0:00:40]} 15. Qxf3 {[%emt 0:00:17]} e6 {[%emt 0:00:34]} 16. e4 {[%emt 0:01:10]} dxe4 {[%emt 0:00:41]} 17. Qxe4 {[%emt 0:00:26]} Qd6 {[%emt 0:01:52]} 18. Rac1 {[%emt 0:08:36]} Rac8 {[%emt 0:00:32]} 19. Rfd1 {[%emt 0:05:46]} b6 {[%emt 0:05:20]} 20. Qe2 {[%emt 0:01:18]} Nc4 {[%emt 0:02:27]} 21. Be4 {[%emt 0:00:03]} Rfd8 {[%emt 0:01:02]} 22. Bd3 {[%emt 0:01:06]} Qd5 {[%emt 0:00:45]} 23. Rb1 {[%emt 0:04:47]} Nd6 {[%emt 0:02:04]} 24. Rb3 {[%emt 0:04:15]} Rc7 {[%emt 0:00:45]} 25. Ra3 {[%emt 0:04:15]} Rdc8 {[%emt 0:02:04]} 26. Rc1 {[%emt 0:04:43]} b5 {[%emt 0:11:59]} 27. Ra5 {[%emt 0:19:50]} Rxc3 {[%emt 0:00:30]} 28. Rxc3 {[%emt 0:00:10]} Rxc3 {[%emt 0:00:06]} 29. Qe5+ {[%emt 0:00:11]} Qxe5 {[%emt 0:02:57]} 30. dxe5 {[%emt 0:00:22]} Rxd3 {[%emt 0:00:13]} 31. exd6 {[%emt 0:00:30]} Rxd6 {[%emt 0:00:05]} 32. Rxa7 $17 {[%emt 0:00:16]} Rd2 {[%emt 0:02:23]} 33. a4 {[%emt 0:00:55]} bxa4 {[%emt 0:00:25]} 34. Rxa4 {[%emt 0:00:06]} e5 {[%emt 0:01:52]} 35. Ra7 {[%emt 0:02:54]} g5 {[%emt 0:00:37]} 36. g4 {[%emt 0:00:30]} Rd4 {[%emt 0:00:32]} 37. h3 {[%emt 0:00:15]} h5 {[%emt 0:02:04]} 38. gxh5 {[%emt 0:00:46]} Rh4 {[%emt 0:00:28]} 39. Kg2 {[%emt 0:01:19]} Rxh5 {[%emt 0:00:20]} 40. Kg3 {[%emt 0:00:00]} Kg6 {[%emt 0:00:44]} 41. Ra6+ {[%emt 0:01:18]} f6 {[%emt 0:00:07]} 42. f3 {[%emt 0:00:17]} Rh4 {[%emt 0:00:15]} 43. Rb6 {[%emt 0:01:34]} Ra4 {[%emt 0:04:03]} 44. Rc6 {[%emt 0:02:02]} Ra3 {[%emt 0:02:33]} 45. Kg4 {[%emt 0:00:16]} Rd3 {[%emt 0:00:16]} 46. Ra6 {[%emt 0:00:18]} Rd4+ {[%emt 0:00:09]} 47. Kg3 {[%emt 0:00:05]} Kf5 {[%emt 0:03:28]} 48. Ra3 {[%emt 0:02:24]} Ke6 {[%emt 0:00:36]} 49. Ra6+ {[%emt 0:00:58]} Rd6 {[%emt 0:02:49]} 50. Ra3 {[%emt 0:02:16]} Rd4 {[%emt 0:03:57]} 51. Ra6+ {[%emt 0:00:17]} Kf5 {[%emt 0:00:04]} 52. Ra3 {[%emt 0:02:21]} e4 {[%emt 0:00:38]} 53. Ra5+ {[%emt 0:00:22]} Kg6 {[%emt 0:00:11]} 54. fxe4 {[%emt 0:00:18]} Rxe4 {[%emt 0:00:19]} 55. Ra6 {[%emt 0:00:20]} Rf4 {[%emt 0:00:51]} 56. Rb6 {[%emt 0:00:27]} Re4 {[%emt 0:01:45]} 57. Ra6 {[%emt 0:00:13]} Kf5 {[%emt 0:00:08]} 58. Ra5+ {[%emt 0:00:38]} Re5 {[%emt 0:00:05]} 59. Ra3 {[%emt 0:00:22]} Rb5 {[%emt 0:00:14]} 60. Rf3+ Kg6 61. h4 1/2-1/2

[Event "ESTCC U50 2018"]
[Site "Walbrzych"]
[Date "2018.04.20"]
[Round "7"]
[White "Kierzek, Mira"]
[Black "Telenius, Kimmo"]
[Result "1-0"]
[WhiteElo "2011"]
[BlackElo "1603"]
[Annotator "NA"]
[PlyCount "64"]
[EventDate "2018.??.??"]
[EventCountry "POL"]
[SourceTitle "playchess.com"]
[Source "ChessBase"]
[SourceQuality "1"]
[WhiteTeam "Germany"]
[BlackTeam "Finland"]
[WhiteTeamCountry "GER"]
[BlackTeamCountry "FIN"]
[TimeControl "40/5400+30:1800+30"]

1. d4 Nf6 2. Nf3 d6 3. g3 g6 4. Bg2 Bg7 5. O-O O-O 6. b3 Nbd7 7. Bb2 c5 8. c4 Rb8 9. Nc3 a6 {LiveBook: 82 Games} 10. Qc2 b5 11. cxb5 axb5 12. dxc5 Nxc5 13. Nd4 Bd7 14. b4 Ne6 15. Nxe6 fxe6 $11 16. a3 Qb6 17. e3 Rbc8 18. Qd2 Ng4 19. Ne4 Rc4 20. h3 Ne5 21. Bxe5 Bxe5 22. Rac1 Qa7 23. Qd3 Rfc8 24. Rcd1 Ra8 25. Nc5 Rc8 26. Nxd7 Qxd7 27. h4 Rc3 28. Qe4 Bf6 29. Bh3 Qc6 30. Qxe6+ Kg7 31. Qxc8 Qf3 32. Qd7 Rxe3 1-0

[Event "ESTCC U50 2018"]
[Site "Walbrzych"]
[Date "2018.04.20"]
[Round "7"]
[White "Czyz, Andrzej"]
[Black "Webster, Jim J"]
[Result "1-0"]
[WhiteElo "1999"]
[BlackElo "1769"]
[Annotator "NA"]
[PlyCount "81"]
[EventDate "2018.??.??"]
[EventCountry "POL"]
[SourceTitle "playchess.com"]
[Source "ChessBase"]
[SourceQuality "1"]
[WhiteTeam "Poland"]
[BlackTeam "Scotland"]
[WhiteTeamCountry "POL"]
[BlackTeamCountry "SCO"]
[TimeControl "40/5400+30:1800+30"]

1. f4 {[%emt 0:00:00]} c5 {[%emt 0:00:18]} 2. e4 {[%emt 0:00:07]} Nc6 {[%emt 0:00:23]} 3. Nf3 {[%emt 0:00:33]} d6 {[%emt 0:01:36]} 4. Bc4 {[%emt 0:01:24]} Nf6 {[%emt 0:02:27]} 5. Nc3 {[%emt 0:04:06]} e6 {[%emt 0:01:58]} 6. O-O {[%emt 0:02:28]} Be7 {[%emt 0:01:58]} 7. d3 {[%emt 0:06:35]} O-O {[%emt 0:00:47]} 8. Kh1 {[%emt 0:01:18] B23: Closed Sicilian: Lines without g3} (8. Qe1 Nd4 9. Nxd4 cxd4 10. Ne2 d5 11. exd5 exd5 12. Bb3 Bc5 13. h3 b5 14. Bd2 Re8 15. Qf2 Qb6 16. a4 {0-1 (35) Rodi,L (2340)-Milos,G (2594) Sao Paulo 2008}) 8... a6 {[%emt 0:06:46]} 9. a4 {[%emt 0:00:39]} b6 {[%emt 0:06:28]} 10. Be3 {[%emt 0:04:29]} Bb7 $146 {[%emt 0:03:49]} ({Predecessor:} 10... d5 11. exd5 exd5 12. Ne5 Bb7 13. Qf3 Na5 14. Ba2 d4 15. Qe2 dxc3 16. bxc3 Bd5 17. Bxd5 Nxd5 {0-1 (72) Figura,A (1725)-Siebarth,R Oberhof 1999}) 11. Bb3 {[%emt 0:07:22]} Qd7 {[%emt 0:05:48]} 12. Qd2 {[%emt 0:08:31]} Na5 {[%emt 0:05:26]} 13. Ba2 {[%emt 0:00:34]} b5 {[%emt 0:02:49]} 14. e5 {[%emt 0:09:39]} Ne8 {[%emt 0:09:31]} 15. Ne4 {[%emt 0:02:55]} Bxe4 {[%emt 0:00:17]} 16. dxe4 {[%emt 0:01:12]} Qc7 {[%emt 0:07:27]} 17. Rfd1 {[%emt 0:06:55]} Rd8 {[%emt 0:01:35]} 18. Qe1 {[%emt 0:02:18]} Nb7 {[%emt 0:00:35]} 19. a5 {[%emt 0:01:08]} Qc6 {[%emt 0:01:47]} 20. Bf2 {[%emt 0:01:46]} Nc7 {[%emt 0:06:14]} 21. c4 {[%emt 0:07:05]} bxc4 {[%emt 0:05:25]} 22. Bxc4 {[%emt 0:00:18]} d5 {[%emt 0:00:10]} 23. Bd3 {[%emt 0:03:15]} Nb5 {[%emt 0:10:02]} 24. f5 {[%emt 0:06:30]} c4 {[%emt 0:04:01]} 25. Bc2 {[%emt 0:01:19]} Bc5 {[%emt 0:00:18]} 26. Bxc5 {[%emt 0:00:49]} Nxc5 {[%emt 0:00:10]} 27. exd5 {[%emt 0:00:46]} exd5 {[%emt 0:01:13]} 28. Qh4 {[%emt 0:06:52]} Qh6 {[%emt 0:05:30]} 29. Qg4 {[%emt 0:01:25]} g6 {[%emt 0:01:12]} 30. e6 {[%emt 0:01:15]} fxe6 {[%emt 0:00:29]} 31. fxe6 {[%emt 0:00:13]} Rf4 {[%emt 0:00:11]} 32. e7 {[%emt 0:00:36]} Re8 {[%emt 0:05:03]} 33. Qg3 {[%emt 0:01:20]} Rxe7 {[%emt 0:00:33]} 34. Rxd5 {[%emt 0:00:19]} Ne4 {[%emt 0:01:06]} 35. Bxe4 {[%emt 0:01:30]} Rexe4 {[%emt 0:01:26]} 36. Rad1 {[%emt 0:01:57]} Re8 {[%emt 0:00:53]} 37. Ng5 {[%emt 0:00:54]} ({Better is} 37. Re1 Ref8 38. Rd7) 37... Rff8 $2 {[%emt 0:00:36]} (37... Qf8 $16 38. h3 h6) 38. Rd7 {[%emt 0:00:25]} c3 $18 {[%emt 0:00:56]} (38... Qh5 39. h3 (39. Nxh7 Rf7 $17) 39... h6) 39. Rxh7 {[%emt 0:00:48]} Qxg5 {[%emt 0:00:11]} 40. Qxg5 {[%emt 0:00:00]} Re6 {[%emt 0:00:30]} 41. Qh6 {[%emt 0:00:52]} 1-0

[Event "ESTCC U50 2018"]
[Site "Walbrzych"]
[Date "2018.04.20"]
[Round "7"]
[White "Sihvonen, Tero"]
[Black "Sazonova, Elena N"]
[Result "0-1"]
[WhiteElo "1988"]
[BlackElo "2139"]
[Annotator "NA"]
[PlyCount "70"]
[EventDate "2018.??.??"]
[EventCountry "POL"]
[SourceTitle "playchess.com"]
[Source "ChessBase"]
[SourceQuality "1"]
[WhiteTeam "Finland"]
[BlackTeam "Russia"]
[WhiteTeamCountry "FIN"]
[BlackTeamCountry "RUS"]
[TimeControl "40/5400+30:1800+30"]

1. e4 {[%emt 0:00:00]} c5 {[%emt 0:00:07]} 2. Nf3 {[%emt 0:00:00]} d6 {[%emt 0:00:20]} 3. Bb5+ {[%emt 0:00:00]} Nd7 {[%emt 0:00:06]} 4. c3 {[%emt 0:04:59]} a6 {[%emt 0:03:44] B51: Sicilian: Moscow Variation (3 Bb5+) without 3...Bd7} (4... Ngf6 5. Qe2 a6 6. Ba4 b5 7. Bc2 Bb7 8. O-O e6 9. d4 Be7 10. Nbd2 O-O 11. Re1 Qc7 12. Nf1 Rac8 13. Bb1 cxd4 14. cxd4 e5 15. d5 b4 16. Be3 Nc5 {0-1 (49) Anton Guijarro,D (2666)-Salem,A (2638) Riadh 2017}) 5. Ba4 {[%emt 0:01:00] LiveBook: 52 Games} g6 {[%emt 0:03:55]} 6. O-O {[%emt 0:02:24]} Bg7 {[%emt 0:01:31]} 7. Re1 $146 {[%emt 0:00:50]} ({Predecessor:} 7. d4 b5 8. Bc2 e6 9. Bf4 e5 10. dxe5 dxe5 11. Bg5 f6 12. Be3 {1-0 (21) Wiese,H (2118)-Siwiec,A (2186) Germany 2012}) 7... b5 {[%emt 0:04:19]} 8. Bc2 {[%emt 0:00:13]} e5 {[%emt 0:02:40]} 9. d4 {[%emt 0:05:15]} Qc7 {[%emt 0:01:26]} 10. Bg5 {[%emt 0:15:21]} h6 {[%emt 0:06:43]} 11. Be3 {[%emt 0:05:59]} Ngf6 {[%emt 0:00:49]} 12. h3 {[%emt 0:03:17]} O-O {[%emt 0:00:21]} 13. Nbd2 {[%emt 0:01:59]} Bb7 {[%emt 0:03:42]} 14. Rc1 {[%emt 0:02:26]} Nb6 {[%emt 0:04:14]} 15. Nh2 {[%emt 0:05:56]} Nh5 {[%emt 0:14:40]} 16. dxc5 {[%emt 0:19:54]} dxc5 {[%emt 0:00:28]} 17. Nb3 {[%emt 0:07:43]} Na4 {[%emt 0:00:40]} 18. Rb1 {[%emt 0:00:41]} c4 {[%emt 0:00:22]} 19. Nd2 {[%emt 0:02:33]} Nc5 {[%emt 0:00:09]} 20. Qg4 {[%emt 0:00:53]} Rad8 {[%emt 0:00:57]} 21. Qh4 {[%emt 0:02:34]} Bf6 {[%emt 0:12:30]} 22. Qg4 {[%emt 0:00:11]} Bc8 {[%emt 0:00:49]} 23. Qf3 {[%emt 0:00:31]} Nf4 {[%emt 0:00:37]} 24. Ng4 {[%emt 0:01:33]} Bg7 {[%emt 0:00:21]} 25. Bxc5 {[%emt 0:05:40]} Qxc5 {[%emt 0:01:12]} 26. Nf1 {[%emt 0:00:14]} h5 {[%emt 0:07:26]} 27. Nge3 {[%emt 0:01:09]} Bb7 {[%emt 0:01:28]} 28. Red1 {[%emt 0:01:47]} f5 {[%emt 0:07:29]} 29. Rxd8 {[%emt 0:01:45]} Rxd8 {[%emt 0:00:08]} 30. Rd1 {[%emt 0:01:49]} Qe7 {[%emt 0:03:46]} 31. Kh2 {[%emt 0:03:03]} Nd3 {[%emt 0:03:57]} 32. Bxd3 {[%emt 0:02:08]} cxd3 {[%emt 0:00:14]} 33. Nd2 {[%emt 0:01:51]} fxe4 {[%emt 0:01:24]} 34. Qg3 $19 {[%emt 0:02:37]} Qf6 {[%emt 0:00:19]} 35. b3 {[%emt 0:00:48]} Bh6 {[%emt 0:00:09]} 0-1

[Event "ESTCC U50 2018"]
[Site "Walbrzych"]
[Date "2018.04.20"]
[Round "7"]
[White "Szmyd, Marek"]
[Black "Bellia, Fabrizio"]
[Result "0-1"]
[WhiteElo "1898"]
[BlackElo "2443"]
[Annotator "TA"]
[PlyCount "56"]
[EventDate "2018.??.??"]
[EventCountry "POL"]
[SourceTitle "playchess.com"]
[Source "ChessBase"]
[SourceQuality "1"]
[WhiteTeam "Poland"]
[BlackTeam "Italy"]
[WhiteTeamCountry "POL"]
[BlackTeamCountry "ITA"]

{[%evp 13,56,-17,0,-35,-16,-14,-8,-4,-12,-36,-28,-27,-6,-42,-42,-54,-54,-42,-19,-42,-46,-62,-63,-85,-85,-84,44,51,44,44,53,0,48,0,0,-25,-25,-25,-25,-25,-15,-226,-232,-877,-829]} 1. b3 e5 2. Bb2 Nc6 3. e3 g6 4. f4 Bg7 5. Nf3 d6 6. fxe5 {A01: Nimzowitsch-Larsen Opening} Nxe5 7. Nxe5 dxe5 {LiveBook: 6 Games} 8. Be2 $146 {The position is equal.} ({Predecessor:} 8. Nc3 Nh6 9. Qf3 O-O 10. Bc4 c6 11. a4 Bf5 12. e4 {0-1 (89) Mamedyarov,S (2804)-Dreev,A (2653) chess.com INT 2018}) 8... Ne7 9. Nc3 Be6 10. Bf3 c6 {[%cal Bc7c6,Bc6c5,Bc5d4][%mdl 32]} 11. e4 Qd7 12. Qe2 b5 {[%cal Bb7b5,Bb5b4][%mdl 32]} 13. a4 {[%cal Ra4b5]} b4 14. Nd1 O-O 15. Ne3 c5 16. O-O Nc6 17. d3 Nd4 18. Bxd4 cxd4 19. Nc4 a5 (19... Bxc4 $17 20. dxc4 Bh6) 20. Nb6 $1 $14 {[%csl LRa8,LRd7]} Qc6 21. Nxa8 Rxa8 22. Kh1 (22. Bg4 $14) 22... Rc8 23. Ra2 Qd7 24. g3 Bh6 25. Raa1 Rc3 26. h4 Qc8 27. Ra2 $2 {[#]} (27. Rf2 $1 $11 {and White stays safe.}) 27... Bxb3 $1 $19 {[%mdl 512]} 28. cxb3 $2 (28. Bg4 Be6 29. Bxe6 Qxe6 30. Rfa1) 28... Qh3+ {Precision: White = 22%, Black = 59%.} 0-1

[Event "ESTCC U50 2018"]
[Site "Walbrzych"]
[Date "2018.04.20"]
[Round "7"]
[White "Aird, Ian"]
[Black "Strzelecki, Jerzy"]
[Result "1/2-1/2"]
[WhiteElo "1785"]
[BlackElo "2038"]
[Annotator "NA"]
[PlyCount "51"]
[EventDate "2018.??.??"]
[EventCountry "POL"]
[SourceTitle "playchess.com"]
[Source "ChessBase"]
[SourceQuality "1"]
[WhiteTeam "Scotland"]
[BlackTeam "Poland"]
[WhiteTeamCountry "SCO"]
[BlackTeamCountry "POL"]
[TimeControl "40/5400+30:1800+30"]

1. e4 c5 2. Nf3 e6 3. d3 Nc6 4. g3 g6 5. Bg2 Bg7 6. O-O Nge7 7. c3 e5 8. a3 a5 9. a4 O-O 10. Na3 d5 11. exd5 Nxd5 12. Re1 Rb8 13. Nc4 Bg4 14. h3 Bxf3 15. Qxf3 Nde7 16. Bd2 h6 17. Rad1 Qc7 18. Bc1 Rbd8 $16 19. h4 f5 20. Qe2 Nd5 21. h5 g5 22. Ne3 Nde7 23. Nc4 Nd5 24. Ne3 Nde7 25. Nc4 Nd5 26. Bf1 {[%emt 1:05:25]} 1/2-1/2

[Event "ESTCC U50 2018"]
[Site "Walbrzych"]
[Date "2018.04.20"]
[Round "7"]
[White "Aegerter, Klaus"]
[Black "Scowen, Roger S"]
[Result "1/2-1/2"]
[WhiteElo "1731"]
[BlackElo "1882"]
[Annotator "NA"]
[PlyCount "52"]
[EventDate "2018.??.??"]
[EventCountry "POL"]
[SourceTitle "playchess.com"]
[Source "ChessBase"]
[SourceQuality "1"]
[WhiteTeam "Switzerland"]
[BlackTeam "England"]
[WhiteTeamCountry "SUI"]
[BlackTeamCountry "ENG"]
[TimeControl "40/5400+30:1800+30"]

1. e4 {[%emt 0:00:00]} c6 {[%emt 0:00:12]} 2. d3 {[%emt 0:01:37]} d5 {[%emt 0:00:22]} 3. Nd2 {[%emt 0:01:04]} e5 {[%emt 0:04:43]} 4. Ngf3 {[%emt 0:01:00]} Bd6 {[%emt 0:01:16]} 5. g3 {[%emt 0:01:00]} f5 {[%emt 0:03:01]} 6. exf5 {[%emt 0:03:56]} Bxf5 {[%emt 0:00:27]} 7. Bg2 {[%emt 0:00:42]} Nf6 {[%emt 0:02:55]} 8. O-O {[%emt 0:02:22]} O-O {[%emt 0:00:40]} 9. h3 {[%emt 0:02:20]} Nbd7 {[%emt 0:12:07]} 10. Re1 {[%emt 0:03:14]} Qb6 {[%emt 0:01:21]} 11. Nb3 {[%emt 0:04:43]} Rae8 $17 {[%emt 0:07:56]} 12. Be3 Qc7 {[%emt 0:02:30]} 13. Kh2 {[%emt 0:11:14]} Ng4+ {[%emt 0:04:54]} 14. Kg1 {[%emt 0:13:16]} Nxe3 {[%emt 0:02:36]} 15. Rxe3 {[%emt 0:00:47]} Nf6 {[%emt 0:06:42]} 16. Qd2 {[%emt 0:05:26]} Qd7 {[%emt 0:06:12]} 17. Rae1 {[%emt 0:06:56]} e4 {[%emt 0:04:17]} 18. Ng5 {[%emt 0:04:03]} exd3 {[%emt 0:09:12]} 19. Nd4 {[%emt 0:07:10]} Ne4 {[%emt 0:04:44]} 20. Nxe4 {[%emt 0:01:02]} dxe4 {[%emt 0:03:38]} 21. Nxf5 {[%emt 0:00:43]} Qxf5 {[%emt 0:02:10]} 22. cxd3 {[%emt 0:05:51]} Bc5 {[%emt 0:05:38]} 23. d4 {[%emt 0:01:45]} Qd7 {[%emt 0:00:58]} 24. Rd1 {[%emt 0:01:58]} Bb6 {[%emt 0:01:07]} 25. h4 {[%emt 0:03:36]} Qf7 {[%emt 0:01:10]} 26. Bxe4 {[%emt 0:05:22]} Qxa2 {[%emt 0:01:57]} 1/2-1/2

[Event "ESTCC U50 2018"]
[Site "Walbrzych"]
[Date "2018.04.20"]
[Round "7"]
[White "Akkanen, Timo"]
[Black "Wagner-Michel, Annett"]
[Result "0-1"]
[WhiteElo "1667"]
[BlackElo "2104"]
[Annotator "NA"]
[PlyCount "86"]
[EventDate "2018.??.??"]
[EventCountry "POL"]
[SourceTitle "playchess.com"]
[Source "ChessBase"]
[SourceQuality "1"]
[WhiteTeam "Finland"]
[BlackTeam "Germany"]
[WhiteTeamCountry "FIN"]
[BlackTeamCountry "GER"]
[TimeControl "40/5400+30:1800+30"]

1. Nf3 {[%emt 0:00:00]} Nf6 {[%emt 0:00:44]} 2. b3 {[%emt 0:00:25]} d5 {[%emt 0:00:41]} 3. Bb2 {[%emt 0:00:09]} Bf5 {[%emt 0:00:13]} 4. e3 {[%emt 0:00:19]} e6 {[%emt 0:00:43]} 5. Be2 {[%emt 0:01:41]} h6 {[%emt 0:01:02]} 6. O-O {[%emt 0:01:06]} Bd6 {[%emt 0:05:42]} 7. d4 {[%emt 0:03:44]} O-O {[%emt 0:04:03]} 8. Nbd2 {[%emt 0:00:15]} c5 {[%emt 0:07:04]} 9. c4 {[%emt 0:05:29]} Nc6 {[%emt 0:07:09]} 10. a3 {[%emt 0:00:34]} b6 {[%emt 0:03:18]} 11. Rc1 {[%emt 0:00:21]} Rc8 {[%emt 0:01:27]} 12. Re1 {[%emt 0:04:15]} Ne4 {[%emt 0:08:25]} 13. cxd5 {[%emt 0:06:56]} exd5 {[%emt 0:00:18]} 14. Ba6 {[%emt 0:00:54]} Rc7 {[%emt 0:04:42]} 15. Nxe4 {[%emt 0:00:43]} dxe4 {[%emt 0:01:12]} 16. Ne5 {[%emt 0:06:07]} ({White should try} 16. dxc5 $11 bxc5 17. Qc2) 16... Bxe5 $15 {[%emt 0:11:00]} 17. dxe5 {[%emt 0:00:17]} Qe7 {[%emt 0:02:24]} 18. Qd6 {[%emt 0:05:59]} Rd8 {[%emt 0:02:16]} 19. Qxe7 {[%emt 0:00:39]} Rxe7 {[%emt 0:00:34]} 20. Red1 {[%emt 0:00:25]} Rxd1+ {[%emt 0:01:22]} 21. Rxd1 {[%emt 0:01:51]} Nxe5 {[%emt 0:02:12]} 22. Rd8+ {[%emt 0:03:23]} Kh7 {[%emt 0:00:14]} 23. Bxe5 {[%emt 0:02:18]} Rxe5 {[%emt 0:00:10]} 24. Bc4 {[%emt 0:01:39]} Re7 {[%emt 0:00:56]} 25. Kf1 {[%emt 0:01:55]} g6 {[%emt 0:05:31]} 26. Rd6 {[%emt 0:07:55]} Kg7 {[%emt 0:01:00]} 27. h3 {[%emt 0:00:27]} Be6 {[%emt 0:10:36]} 28. Bxe6 {[%emt 0:00:27]} Rxe6 {[%emt 0:00:02]} 29. Rxe6 {[%emt 0:02:57]} fxe6 {[%emt 0:00:03]} 30. Ke2 {[%emt 0:00:11]} Kf6 {[%emt 0:00:08]} 31. Kd2 {[%emt 0:00:16]} Ke5 {[%emt 0:00:31]} 32. Kc3 {[%emt 0:00:39]} Kd5 {[%emt 0:00:44]} 33. Kc2 {[%emt 0:01:42]} b5 {[%emt 0:05:04]} 34. Kc3 {[%emt 0:00:41]} h5 {[%emt 0:02:00]} 35. g3 {[%emt 0:00:21]} a5 {[%emt 0:01:01]} 36. Kc2 {[%emt 0:02:44]} b4 {[%emt 0:04:41]} 37. a4 {[%emt 0:01:14]} c4 {[%emt 0:00:23]} 38. Kb2 {[%emt 0:01:15]} g5 {[%emt 0:01:08]} 39. Kc2 {[%emt 0:01:02]} cxb3+ {[%emt 0:00:15]} 40. Kxb3 {[%emt 0:00:00]} Kc5 {[%emt 0:00:02]} 41. Kb2 {[%emt 0:01:58]} Kc4 {[%emt 0:00:04]} 42. Kc2 {[%emt 0:00:18]} b3+ {[%emt 0:00:15]} 43. Kb2 {[%emt 0:00:41]} Kb4 {[%emt 0:00:03]} 0-1

[Event "ESTCC U50 2018"]
[Site "Walbrzych"]
[Date "2018.04.21"]
[Round "8"]
[White "Godena, Michele"]
[Black "Pastor Alonso De Prado, Alberto"]
[Result "1-0"]
[WhiteElo "2507"]
[BlackElo "2162"]
[Annotator "TA"]
[PlyCount "81"]
[EventDate "2018.??.??"]
[EventCountry "POL"]
[SourceTitle "playchess.com"]
[Source "ChessBase"]
[SourceQuality "1"]
[WhiteTeam "Italy"]
[BlackTeam "Spain"]
[WhiteTeamCountry "ITA"]
[BlackTeamCountry "ESP"]

{[%evp 22,81,29,33,39,41,42,6,11,29,28,4,28,28,31,24,25,23,35,28,33,29,112,39,33,33,37,40,72,84,79,35,35,0,83,89,122,121,120,141,133,138,128,110,301,301,339,339,331,331,402,376,352,371,395,305,305,298,298,298,418,414]} 1. e4 e5 2. Nf3 Nc6 3. Bb5 d6 4. O-O Bd7 5. c3 Nf6 6. Re1 Be7 7. d3 O-O 8. Nbd2 a6 9. Ba4 Re8 10. Nf1 {C84: Closed Ruy Lopez: Unusual White 6th moves} Bf8 11. Bg5 {[%cal Bc1g5,Bg5h4,Bh4g3][%mdl 32]} h6 12. Bh4 {LiveBook: 5 Games. White has an edge.} Be7 13. Bg3 $146 ({Predecessor:} 13. d4 Nh7 14. Bxe7 Qxe7 15. Ne3 Qd8 16. dxe5 Nxe5 {½-½ (16) Gascon del Nogal,J (2446)-Lopez Martinez,J (2552) Lorca 2016}) 13... g6 14. d4 exd4 15. cxd4 Nh5 16. Ne3 b5 17. Bc2 Nxg3 18. hxg3 Bf6 19. Qd2 Bg7 20. Rad1 a5 21. e5 Qb8 {[#]} (21... Ne7 $11) 22. e6 $1 {[%mdl 512]} Rxe6 $14 (22... Bxe6 23. d5) 23. d5 $1 {[%csl LRc6,LRe6]} Rxe3 $1 24. Qxe3 Ne5 25. Nxe5 dxe5 26. f4 exf4 27. Qxf4 {Hoping for Re7.} Ra6 {[#]} (27... Qb6+ $11 28. Kh1 Qd6) 28. d6 $1 $16 {[%cal Rd6c7][%mdl 512]} Rxd6 29. Rxd6 cxd6 30. Re7 Be6 {[#]} 31. Bxg6 $1 $40 {[%mdl 640] Black is in trouble.} Qf8 (31... fxg6 32. Rxe6) 32. Qxd6 Bxb2 $2 {[#]} (32... a4 $16 {is a better defense.} 33. Bd3 Bf6 34. Rxe6 fxe6 35. Qxe6+ Qf7 36. Qg4+ Kh8) 33. Bh7+ $1 $18 {[%mdl 512]} Kxh7 34. Qxe6 {[%mdl 4096] Endgame KQR-KQB} Kg7 35. Qg4+ Kf6 36. Rc7 Qe8 37. Kh2 Be5 38. Rc8 Qe6 39. Qxe6+ ({Resist} 39. Qh4+ $6 Kg7 $18) 39... fxe6 40. Rc5 a4 (40... b4 $142 41. Rxa5 Bc3) 41. Rxb5 {Precision: White = 68%, Black = 25%.} 1-0